Every Official MiLB Team - Statistics

General Stats
  • This quiz has been taken 158 times
  • The average score is 96 of 160
Answer Stats
Place Team Name % Correct
Durham Bulls
86%
Albuquerque Isotopes
86%
Akron RubberDucks
86%
Burlington | Salt Lake Bees
85%
Danville | Mississippi | Rome Braves
85%
Bluefield | Dunedin Blue Jays
83%
Iowa | South Bend Cubs
83%
Altoona Curve
83%
Buffalo Bisons
81%
Fredericksburg Nationals
81%
Greeneville Reds
81%
Indianapolis | Spokane Indians
79%
Chattanooga Lookouts
79%
Biloxi Shuckers
79%
Corpus Christi Hooks
78%
Amarillo Sod Poodles
78%
Bowie Baysox
76%
Columbus Clippers
76%
Augusta GreenJackets
76%
El Paso Chihuahuas
75%
Aberdeen IronBirds
75%
Charlotte Knights
75%
Jacksonville Jumbo Shrimp
74%
Asheville Tourists
74%
Arkansas Travelers
72%
Birmingham Barons
71%
Brooklyn Cyclones
71%
Oklahoma City Dodgers
71%
Fresno Grizzlies
71%
Bowling Green Hot Rods
71%
Carolina Mudcats
71%
Frisco RoughRiders
71%
Erie SeaWolves
71%
Gwinnett Stripers
71%
Kingsport | St. Lucie | Syracuse Mets
69%
Johnson City | Palm Beach | Springfield Cardinals
68%
Eugene Emeralds
68%
Pawtucket | Salem Red Sox
68%
Harrisburg Senators
68%
Fort Wayne TinCaps
68%
Down East Wood Ducks
68%
Columbia Fireflies
67%
San Jose Giants
67%
Hillsboro Hops
67%
Memphis Redbirds
67%
Binghamton Rumble Ponies
67%
Daytona Tortugas
67%
Hartford Yard Goats
67%
Everrett AquaSox
65%
Dayton Dragons
65%
Charleston RiverDogs
65%
Delmarva Shorebirds
65%
Inland Empire 66ers
64%
Las Vegas Aviators
64%
Louisville Bats
64%
Lehigh Valley Iron Pigs
64%
Bradenton Marauders
64%
Fayetteville Woodpeckers
64%
Great Lakes Loons
63%
Fort Myers Mighty Mussels
63%
Toledo Mud Hens
63%
Lake Elsinore Storm
63%
Clearwater Threshers
63%
Norfolk Tides
63%
Rocket City Trash Pandas
63%
Reno Aces
61%
Hudson Valley Renegades
61%
Beloit Snappers
61%
Trenton Thunder
61%
Montgomery Biscuits
60%
Pensacola Blue Wahoos
60%
Kannapolis Cannon Ballers
60%
Auburn Doubledays
60%
Round Rock Express
60%
Reading Fightin Phils
60%
Frederick Keys
60%
Portland Sea Dogs
60%
Greenville Drive
58%
Greensboro Grasshoppers
58%
San Antonio Missions
58%
Myrtle Beach Pelicans
58%
Hickory Crawdads
57%
Tulsa Drillers
57%
Billings Mustangs
57%
Modesto Nuts
57%
Scranton/Wilkes-Barre RailRiders
57%
Burlington Royals
57%
Nashville Sounds
57%
Pulaski | Staten Island Yankees
57%
New Hampshire Fisher Cats
56%
Richmond Flying Squirrels
56%
Boise Hawks
56%
Bristol Pirates
56%
Rochester Red Wings
56%
Elizabethton Twins
56%
Vancouver Canadians
54%
Kane County Cougars
54%
Jupiter Hammerheads
54%
Sacramento River Cats
54%
Omaha Storm Chasers
54%
Northwest Arkansas Naturals
53%
Tacoma Rainiers
53%
Cedar Rapids Kernels
53%
Tennessee Smokies
53%
Lake County Captains
51%
Winston-Salem Dash
51%
Stockton Ports
51%
Grand Junction Rockies
51%
Hagerstown Suns
51%
Tampa Tarpons
51%
Lakeland Flying Tigers
50%
Lansing Lugnuts
50%
Rancho Cucamonga Quakes
50%
Lynchburg Hillcats
49%
Clinton LumberKings
49%
Quad Cities River Bandits
49%
Wisconsin Timber Rattlers
49%
Wichita Wind Surge
49%
Visalia Rawhide
47%
Wilmington Blue Rocks
46%
Jackson Generals
46%
Lexington Legends
46%
Midland RockHounds
46%
Tri-City Dust Devils
44%
Florida Fire Frogs
44%
Peoria Chiefs
43%
Vermont Lake Monsters
42%
West Michigan Whitecaps
42%
Orem Owls
40%
Rocky Mountain Vibes
40%
Batavia Muckdogs
39%
Princeton Rays
39%
State College Spikes
39%
West Virginia Power
38%
Salem-Keizer Volcanoes
38%
West Virginia Black Bears
36%
Lakewood BlueClaws
36%
Lancaster JetHawks
36%
Charlotte Stone Crabs
36%
Missoula PaddleHeads
29%
Ogden Raptors
29%
Norwich Sea Unicorns
29%
Idaho Falls Chukars
26%
Williamsport Crosscutters
26%
Tri-City ValleyCats
25%
Great Falls Voyagers
25%
Lowell Spinners
24%
Mahoning Valley Scrappers
21%
No matching quizzes found
Score Distribution
Percent of People with Each Score
Percentile by Number Answered
Your Score History
You have not taken this quiz